[Event "UKR-ch 73rd"]
[Site "Kharkov"]
[Date "2004.08.31"]
[Round "4.2"]
[White "Volokitin, Andrei"]
[Black "Moiseenko, Alexander"]
[Result "1-0"]
[WhiteElo "2638"]
[BlackElo "2640"]
[Annotator "Gofshtein,L"]
[PlyCount "77"]
[EventDate "2004.08.03"]
[EventType "k.o."]
[EventRounds "5"]
[EventCountry "UKR"]
[SourceTitle "CBM 103"]
[Source "ChessBase"]
[SourceDate "2004.11.11"]
[SourceVersion "1"]
[SourceVersionDate "2004.11.11"]
[SourceQuality "1"]

1. e4 {[%mdl 4]} c5 2. Nf3 Nc6 3. d4 cxd4 4. Nxd4 e5 5. Nb5 d6 6. c4 Be7 7.
N1c3 a6 8. Na3 Be6 9. Nc2 Bg5 {Black carries out his main strategical plan in
this position - the exchange of the dark squared bishops.} 10. Bxg5 {10.Ne3
has also been played, avoiding the exchange of bishops. As the tournament
practice shows white has only a slight advantage in this case.} (10. Ne3 Nge7
11. Bd3 O-O 12. O-O Rc8 (12... Nd4 13. b3 g6 14. Ne2 Ndc6 $14 {1/2-1/2 Frolov,
A-Milov,V/Sochi 1990/TD (62)}) 13. Ncd5 Nd4 14. b3 Nxd5 15. cxd5 $14 {1/2-1/2
Brodsky,M-Minasian,A/Kherson 1991/CBM 21 ext (64)}) 10... Qxg5 11. h4 $5 {
Throwing the queen from a good position.} (11. Nd5 Rc8 (11... Bxd5 12. cxd5
Nce7 13. Ne3 Nf6 14. Qa4+ Kf8 15. Qb4 $36 {1-0 Zhang Pengxiang-Durao,M/Beijing
1996/CBM 54 ext (26)}) 12. g3 Nh6 13. Bg2 f5 14. f4 Qg6 (14... exf4 $2 15. Nxf4
Bxc4 16. Ne3 Bf7 17. Qxd6 Rd8 18. Qc5 $16) 15. O-O O-O $132) (11. Qd2 Qxd2+ 12.
Kxd2 Nf6 13. Bd3 Rc8 14. Rac1 O-O 15. Nd5 Nd7 $132 {1-0 Kolasinski,M-Pinski,J/
Warsawa 1994/EXT 2004 (26)}) (11. Ne3 Nd4 12. Ne2 Nxe2 13. Bxe2 Rd8 14. O-O Ne7
$11 {1/2-1/2 Hajdu,B-Csiszar,C/Ajka 1997/EXT 2004 (54)}) 11... Qd8 12. Qd2 {
Developing the queen and preparing a long castling.} Nf6 {An immideate 12...
Qb6 deserved attention with counterplay.} (12... Qb6 $5 13. b3 Nf6 14. Qxd6 Rd8
15. Qa3 Nd4) 13. O-O-O Qb6 14. f4 {White moves the f-pawn from the eye of the
black queen.} exf4 $6 {An inaccuracy. 14...Bg4 or 14...Qc5 was better.} (14...
Bg4 $5 15. Re1 Qd8) (14... Qc5 $5 15. f5 Bxc4 16. Qxd6 Qxd6 17. Rxd6 Bxf1 18.
Rxf1) 15. Qxd6 Rd8 16. Qxf4 Rxd1+ {Black hopes to get compensation for the
lost pawns.} 17. Nxd1 O-O 18. Nc3 Rc8 $44 (18... Qc5 19. Qe3 Qe5 20. Bd3 Rc8
21. Nd5 Bxd5 22. exd5 Nb4 23. Rd1 Nxd3+ 24. Rxd3 $14) 19. Nd5 $5 {White tries
to simplify the position and reach a technical position.} (19. Be2 Qc5 20. Qe3
Qe7 21. Nd5 Bxd5 22. exd5 Ne5 23. Re1 Qd6 $44) 19... Bxd5 20. exd5 Nxd5 $6 {
Black forces matters and goes for an ending with equal material,
underestimating white's dangerous passed pawn. It was better to keep the
tension with 20...Nb4.} (20... Nb4 $5 21. Nxb4 Qxb4 22. Qd2 Qc5 23. Kb1 Ne4 24.
Qe1 Qd4 25. Be2 b5 $132) 21. cxd5 Nb4 22. Bc4 Nxc2 23. Kxc2 Qg6+ 24. Kc3 $5 (
24. Kb3 b5 25. Bf1 Qc2+ 26. Ka3 Qc5+ 27. Qb4 Qe3+ $11) 24... b5 25. Re1 $1 {
Bringing the rook to the game. The domination of the white pieces and a
dangerous passed pawn give white a clear edge.} (25. b3 bxc4 26. bxc4 Qxg2 $132
) 25... bxc4 (25... h5 26. b3 bxc4 27. bxc4 Qxg2 28. Re7 $36) 26. Qe4 {White
offers a queen exchange after which white's advantage would be doubtless.} Qf6+
27. Qe5 Qd8 28. d6 $5 {Now black's position is even more dense.} h6 29. Re4 $16
{Activizing the rook and attacking the c4 pawn at the same time.} Qd7 (29...
Qb6 30. d7 Rf8 31. Rxc4) 30. Qd5 $5 {Transfering the queen to a central
position, creating the threat of Re7.} (30. Rxc4 Rd8 31. Rd4 Qc6+ $132) 30...
Rf8 31. Rxc4 a5 32. b3 Kh8 {Black doesn't have an active counterplay and is
forced to wait and see what white will do.} 33. Kb2 {White takes the king away
from a possible checks.} Re8 34. Qc6 Qe6 {The exchange of queen is not to
black's favour, of course. In that case white's passed pawn and an active king
give white an easy win.} (34... Qxc6 35. Rxc6 Kh7 36. Kc3 Re1 37. Kd4 Rd1+ (
37... Re2 38. Rc3 $18) 38. Kc5 g5 39. hxg5 hxg5 40. Kb6 Kg7 41. Kc7 Kf6 42. Kc8
g4 43. d7+ $18) 35. d7 Qe5+ 36. Rc3 Qe2+ (36... Rd8 37. Qc7 Qxc7 38. Rxc7 Kh7
39. Ka3 Kg6 40. Ka4 Kf6 41. Kxa5 Ke7 42. Kb6 Kd6 43. a4 $18) 37. Rc2 Qe5+ 38.
Qc3 Qxc3+ 39. Rxc3 1-0

[Event "World Youth Stars 3rd"]
[Site "Kirishi"]
[Date "2005.05.24"]
[Round "10"]
[White "Karjakin, Sergey"]
[Black "Andreikin, Dmitry"]
[Result "1-0"]
[WhiteElo "2635"]
[BlackElo "2495"]
[Annotator "Gofshtein,L"]
[PlyCount "75"]
[EventDate "2005.05.14"]
[EventType "tourn"]
[EventRounds "11"]
[EventCountry "RUS"]
[EventCategory "10"]
[SourceTitle "CBM 107"]
[Source "ChessBase"]
[SourceDate "2005.08.01"]
[SourceVersion "1"]
[SourceVersionDate "2005.08.01"]
[SourceQuality "1"]

1. e4 {[%mdl 4]} c5 2. Nf3 Nc6 3. d4 cxd4 4. Nxd4 Qb6 5. Nb3 Nf6 6. Bd3 {
A relatively rare line. White doesn't hurry with the development of the knight
on b1 and is trying to transpose the game to the Maroczy bind. 6.Nc3 is played
more often, which is the main line of this variation.} d6 {As the tournament
practice shows, an immideate break in the centre by 6...d5 deserves attention.}
(6... d5 7. exd5 Nxd5 8. O-O $5 (8. Qf3 Be6 9. Na3 Ne5 $132 {0-1 Paris,
P-Aptekar,L/Upper Hutt 1976/EXT 98 (25)}) 8... g6 $5 (8... e6 9. c4 Nf6 10. Nc3
Be7 11. Qe2 O-O 12. Bg5 Bd7 13. Rad1 Rfd8 14. Nb5 $36 {1-0 Kuzmin,G-Gufeld,E/
Riga 1975/MCD (38)}) 9. Qf3 Be6 10. c4 Nf6 11. Bf4 Bg7 12. Nc3 O-O 13. Nb5 Rac8
14. Bc7 Rxc7 15. c5 Ne5 16. cxb6 Nxf3+ 17. gxf3 Rd7 18. Nc5 Rxd3 19. Nxd3 axb6
$132 {1/2-1/2 Rajkovic,D-Gufeld,E/Skopje 1971/EXT 2001 (19)}) (6... g6 $5 7.
Be3 (7. O-O Bg7 8. Be3 Qc7 9. Nc3 O-O 10. h3 d6 11. f4 a6 12. a4 b6 13. Qe2 Nb4
$132 {0-1 Pavlovic,B-Kurajica,B/Bor 1983/MCD (38)}) (7. c4 $5 Ne5 8. Nc3) 7...
Qc7 8. Nc3 Bg7 9. h3 d6 10. Qd2 h6 (10... O-O $5) 11. f4 Bd7 12. O-O-O a6 13.
Nd5 Nxd5 14. exd5 $16 {0-1 Andersson,B-Fridh,A/Falkoeping 1965/EXT 2001 (58)})
7. O-O (7. c4 Bg4 $5 8. f3 Be6 9. Nc3 Ne5 10. Nd5 Nxd5 11. cxd5 Bd7 12. Be2 Rc8
13. Qd4 Qxd4 14. Nxd4 g6 $132 {0-1 Mohd,A-Tayeb,S/Abu Dhabi 2001/CBM 084 ext 
(37)}) 7... g6 {Black allows White to transpose to the Maroczy bind, which
usually promises White a very nice game. 7...Bg4 deserves attention, trying to
simplify the position.} (7... Bg4 8. Be2 Bxe2 9. Qxe2) 8. c4 Bg7 (8... Ne5 9.
Be3 Qc7 10. Bd4 Bg7 11. Nc3 O-O 12. Nd5 Nxd5 13. cxd5 $16) 9. Nc3 Bg4 $5 {
Black simplifies the position in order to make his defense easier. As the game
below shows, after 9...0-0 white has a stable edge.} (9... O-O 10. Be3 Qd8 11.
Be2 b6 12. f3 Bb7 13. Qd2 Rc8 14. Rac1 Nd7 $14 {1-0 Dominguez,L-Gonzalez
Zamora,J/Merida 2001/CBM 085 ext (36)}) 10. Be2 (10. Nd5 Nxd5 11. Qxg4 Ndb4
$132) 10... Bxe2 11. Qxe2 Qa6 (11... O-O 12. Be3 Qa6 13. f4 Rac8) 12. Be3 Rc8
13. f4 O-O 14. Rfd1 b6 15. Rac1 Rfd8 16. Nd2 Qb7 $6 {Black plays passively. 16.
..Nd7 deserves attention in order to bring the knight to a more active spot.} (
16... Nd7 $5 17. Nf3 (17. a3 Nc5 18. b4 Nd4 19. Bxd4 Bxd4+ 20. Kh1 Bxc3 21.
Rxc3 Ne6 $14) 17... Nc5 $132) 17. b3 Nd7 18. Nf3 Nc5 {[%cal Rc5e4,Yg7c3] Black
carries out a typical knight maneovre and is putting pressure on the central
e4 pawn.} 19. Bf2 {[%cal Re2e4] White consolidates the position, and opens the
queen to defend on e4} a6 {[%cal Rb6b5]} 20. Nd5 {White provokes his opponent
to create new weaknesses at his camp.} e6 (20... b5 21. cxb5 axb5 22. b4 Na4
23. Bh4 $36 {[%cal Rd5e7,Rh4e7]}) 21. Nc3 Bh6 {[%cal Yh6f4] By attacking the
f4 pawn, Black tries to start an immediate counterplay.} 22. Ng5 Qe7 (22...
Bxg5 23. fxg5 Qe7 24. Qe3 f6 25. gxf6 Qxf6 26. Bg3 $14) 23. Qg4 {[%cal Yg4g5]}
Ne5 24. Qg3 Bxg5 25. fxg5 b5 $5 {Black sacrifices a pawn and tries to get an
active counterplay as a compensation.} (25... f6 26. gxf6 Qxf6 27. b4 Ncd7 28.
Be3 Nf7) (25... Rf8) 26. cxb5 axb5 27. b4 {[%cal Gc3b5] Throwing back the
black knight and fixing the weakness on b5.} (27. Bxc5 Rxc5 28. b4 Rc4 29. Nxb5
Rxc1 30. Rxc1 Qb7 $132) 27... Na4 28. Nxb5 {[%cal Rb5d6]} Nb2 $2 {An error
which allows White to get a winning position. 28...Rxc1 allows Black serious
chances to get compensation for the sacrificed pawn.} (28... Rxc1 $5 29. Rxc1
Qd7 $5 30. Nd4 (30. Nc3 Rc8 31. a3 Rc4 $44) 30... Rc8 31. Rxc8+ Qxc8 32. Qe3
Qc4 $44) 29. Rxc8 Rxc8 30. Nxd6 $1 {Accurate calculation. White wins in all
variations.} Nxd1 (30... Rd8 31. Qxe5 Nxd1 32. Bd4 f6 33. gxf6 Qxd6 34. f7+
Kxf7 35. Qg7+ Ke8 36. Bc5 $18) (30... Rc6 31. Qxe5 Nxd1 32. Bc5 $18) 31. Nxc8
Qxb4 (31... Qc7 32. Bc5 $18) 32. Qxe5 Qb1 {32...Nf2 was also bad for black.} (
32... Nxf2 33. Kxf2 Qd2+ 34. Kg3 Qe3+ 35. Kg4 h5+ 36. Kh4 Qf2+ 37. Kh3 Qe2 38.
Ne7+ (38. Qf4 Qd3+ 39. Kh4 Qd7) 38... Kf8 39. Nxg6+ fxg6 40. Qf6+ $18) 33. Be1
Ne3 34. Ne7+ Kf8 35. Nxg6+ Ke8 (35... hxg6 36. Qc5+ Ke8 37. Qxe3 $18) 36. Qh8+
Kd7 37. Qd4+ Nd5 38. Ne5+ (38. Ne5+ Kc8 39. Nf3 $18) 1-0

[Event "Bermuda-A"]
[Site "Bermuda"]
[Date "2003.02.01"]
[Round "7"]
[White "Motylev, Alexander"]
[Black "Shabalov, Alexander"]
[Result "1-0"]
[WhiteElo "2640"]
[BlackElo "2613"]
[Annotator "Gofshtein,L"]
[PlyCount "81"]
[EventDate "2003.01.25"]
[EventType "tourn"]
[EventRounds "11"]
[EventCountry "BER"]
[EventCategory "15"]
[SourceTitle "CBM 094"]
[Source "ChessBase"]
[SourceDate "2003.05.26"]
[SourceVersion "1"]
[SourceVersionDate "2003.05.26"]
[SourceQuality "1"]

1. e4 c5 2. Nf3 Nc6 3. d4 cxd4 4. Nxd4 e5 5. Nb5 d6 6. N1c3 a6 7. Na3 b5 8. Nd5
Nce7 9. c4 Nxd5 10. exd5 bxc4 11. Nxc4 Nf6 12. Be3 Rb8 13. Be2 Be7 14. a4 O-O
15. O-O {For opening commentary, check the match Karjakin-Kostenjuk.} Rb4 $146
16. Bd2 {Threatening an attack on the d pawn, hence, Black attacks the Rook.}
Nxd5 {[%mdl 512] Black isn't forced to sacrifice an exchange, instead, simply
playing 16...Rb8.} (16... Rb8 $5 17. Bc3 Bb7 $132) 17. Bxb4 Nxb4 18. Qd2 Nc6
19. Ne3 $5 {[%cal Ye3d5]} Nd4 20. Bc4 Bg5 {Apparently, Black wanted to achieve
an irrational position, with chances for both sides.} 21. Qd3 {[%csl Ra6][%cal
Yc4a6]} Qb6 22. a5 Qa7 23. Kh1 h6 24. b4 Kh8 25. Rad1 Qb7 {[%cal Rb7b4]} 26.
Qc3 {After this series of moves, White achieves only a small advandage} Bd7 27.
Bd5 Qb8 28. Qb2 f5 {Black capture space on the King's side, and the f pawn may
be used as a forceful weapon in the future.} 29. Nc4 Ba4 30. Ra1 Bb5 31. Rfe1
Rc8 32. Na3 Be8 33. Rad1 Ba4 34. Rd3 Nc2 $6 {Black innitiates a tactical
difficulty for both sides, which, unfortunately leads to a bad position. It
was neccessary to play Qc7} (34... Qc7 $5) 35. Nxc2 Rxc2 36. Qa3 Qb5 37. Rf3 $1
Bd2 $2 {[%mdl 8192] Decisive mistake...37...Re2 leads to an unclear position.}
(37... Re2 $5 38. Rxe2 Qxe2 39. Qa1 (39. h3) 39... Bd1 40. h3 Qe1+ (40... Bf4
41. Rxf4 exf4 42. Qc3 $16) 41. Kh2 Qd2 42. Qc3 Bf4+ 43. g3 Qxd5 44. Rd3 Qa2 45.
Kg2 Be2 $13) (37... Bf4 38. Be6) 38. Rxf5 Rc8 (38... Bxe1 39. Rf8+ Kh7 40. Bg8+
Kg6 41. Qg3+ $18) 39. Qf3 $18 Bf4 40. Rg1 Qxb4 41. Rf7 {Thanks to the threat
42.g3 followed by Rf8, Black resigned.} 1-0

[Event "RUS-ch qual 57th"]
[Site "Tomsk"]
[Date "2004.05.27"]
[Round "5"]
[White "Motylev, Alexander"]
[Black "Shariyazdanov, Andrey"]
[Result "1-0"]
[WhiteElo "2649"]
[BlackElo "2575"]
[Annotator "Gofshtein,L"]
[PlyCount "127"]
[EventDate "2004.05.23"]
[EventType "swiss"]
[EventRounds "9"]
[EventCountry "RUS"]
[SourceTitle "CBM 102"]
[Source "ChessBase"]
[SourceDate "2004.09.23"]
[SourceVersion "1"]
[SourceVersionDate "2004.09.23"]
[SourceQuality "1"]

1. e4 c5 2. Nf3 Nc6 3. d4 cxd4 4. Nxd4 e5 5. Nb5 d6 6. N1c3 a6 7. Na3 b5 8. Nd5
Nge7 9. c4 {this is white's main move in this position, other moves are: 9.c3,
9.Be3 and Bg5} Nxd5 10. exd5 (10. cxd5 {doesn't bring an advantage for white}
Nd4 ({after} 10... Ne7 11. h4 $1 {1-0 Bologan,V-Stripunsky,A/Wijk aan Zee II
1996 is strong}) 11. Be3 Be7 12. Bd3 O-O 13. O-O Bd7 (13... Bf6 14. Qd2 Bd7 15.
Rac1 Rc8 $11 {is equal}) 14. Rc1 (14. Qd2 Qb8 15. Rac1 Qb7 16. Nc2 Nxc2 17.
Rxc2 Rfc8 $11) 14... Qa5 15. Qe1 Bd8 16. Qxa5 Bxa5 17. Nc2 Nxc2 18. Rxc2 Rfc8
$11) 10... Nd4 11. cxb5 Bd7 $6 {This move has a dubious reputation after the
game Smirin - Shirov} (11... Be7 {is the main move, it's hard to give a clear
assessment on this line} 12. Bd3 (12. bxa6 $6 Bxa6 13. Bxa6 Qa5+ 14. Bd2 Qxa6)
12... O-O 13. O-O f5 $1 {0-1 Kruppa,Y-Rotstein,A/Minsk 1993/CBM 36 with an
unclear position}) 12. Be3 axb5 $6 {This move doesn't seem as an improvement,
black's pair of bishops would not compensate him for the corrupted pawn
structure} ({the above mentioned game continued} 12... Nxb5 13. Nc4 f5 14. a4
Na7 15. Rc1 f4 16. Bd2 Nc8 17. Qb3 $16 {(Smirin-Shirov, Klaipeda 1988)}) 13.
Bxd4 exd4 14. Bd3 {White wishes to castle and then to take care of the black
weak pawns} Qa5+ (14... Be7 15. O-O Rb8 16. Nc2 O-O 17. Nxd4 {1-0 Szelag,
M-Szczechowicz,B/Poraj 1997/EXT 2000 (54) and white has a winning position
already}) 15. Kf1 {White decides to leave the queens on the board, and to put
pressure on the e-file. It would be difficult for black to castle now} ({
White could also go for an endgame} 15. Qd2 Be7 16. Qxa5 Rxa5 17. Nc2 Bf6 18.
O-O {white has a clear advantage}) 15... Be7 16. Qe2 {attacking the pawn on b5
and preventing the castling from black} Rb8 17. Nc2 {the pawn on d4 is lost} (
17. Re1 $2 {allows black to castle} O-O) 17... Kf8 18. Nxd4 Qb6 19. Nc6 $5 {
an interesting decision, white returns the pawn but his positional pluses
still give a clear edge} (19. Nf5 $2 Bf6 {and after g6 and Kg7 black would
stabilize his position and get a fine game}) (19. Bf5 $1 {seems as the best
move denying black from his pair of bishops} Qxd4 20. Re1 Bf6 21. Bxd7 g6 22.
Bc6 $1 (22. Bxb5 Qxd5 23. a4 Qb3 {and black returns the pawn although white is
still clearly better after} 24. h4 Qxb2 25. h5) 22... b4 23. b3 {white has a
material and a positional advantage as his bishop is superbly placed and
controls the open files}) 19... Bxc6 20. dxc6 Qxc6 21. h4 {Black shouldn't let
white to play h4-h5 so his reply is almost forced} h5 22. Re1 Bf6 23. Rh3 $16 {
White is still better mainly because black has difficulties to develop his
kingside and his b-pawn is a constant weakness} Rh6 {looks as a waste of two
tempis but I can't suggest anything better} (23... Be5 24. Re3 g6 $4 {allows
white a tactical shot} 25. Rxe5 {nd winning}) 24. Re3 Be5 25. Re4 {white is
bringing the rook to b4, black can't do much against it} g6 26. Rb4 Kg7 27.
Rxb5 Rhh8 28. b3 {White is a pawn up and the rest is a matter of technic,
although a very good technic is required as black still can stubbornly defend}
Rxb5 29. Bxb5 Qc5 30. Bc4 (30. a4 {looks a little more precise, not letting
black to block the pawn on a2}) 30... Qa3 31. g3 Ra8 32. Qf3 Ra7 33. Re2 Bb2
34. Qe3 $1 {a strong move, keeping the pawn on a2 as 34...Qxa2 loses to 35.Rxb2
} Bf6 (34... Qxa2 $2 35. Rxb2) 35. Qd2 Ra5 36. Kg2 Qc5 37. Kg1 {threatening
b3-b4} Qb6 38. Re3 (38. a4 {immideatly is also possible}) 38... Ra3 39. Rf3 {
threatening to take on f6 and Qb2+} Ra7 40. a4 Qc5 41. Rd3 Be5 42. Rd5 {
Now white has constructed the best setup and is ready to move the a-pawn} Qa3
43. Kg2 Qa1 44. Qd1 Qa2 $6 {Makes white's task much easier, black misses
white's next move} (44... Qa3 45. f4 {and white wins another pawn}) (44... Qb2
45. a5 {and white finally makes a significant progress}) (44... Qxd1 {was the
lesser evil, although white should win} 45. Rxd1) 45. Rxd6 $1 {now it's all
over} Qa1 46. Qxa1 Bxa1 47. Rd3 Bb2 48. Kf3 Ba3 49. Ke4 Bc5 50. f4 Bb4 51. Rd5
Be1 52. Kf3 Bc3 53. f5 Bb4 54. Bd3 Rc7 55. Rb5 Bc5 56. b4 Be7 57. fxg6 fxg6 58.
Rb6 Rc3 59. Ke2 Rb3 60. Rxg6+ Kf7 61. Ra6 Rb2+ 62. Kf1 Bxb4 63. Bg6+ Ke7 64.
Rb6 1-0